Svetové hospodárske prostredie

Salvato in:
Dettagli Bibliografici
Autore principale: Filip, Jaroslav
Natura: Capitolo di libro
Lingua:slovacco
Tags: Aggiungi Tag
Nessun Tag, puoi essere il primo ad aggiungerne!!

MARC

LEADER 00000naa$a2200000$$$4500
001 0060372
005 20240502071652.0
041 0 |a slo 
044 |a SK 
245 1 0 |a Svetové hospodárske prostredie  |c Jaroslav Filip 
100 1 |a Filip, Jaroslav